01076cam a2200277 a 450000100100000000500170001000800410002704000300006808200150009810000420011324500730015526000640022830000200029249000150031250501230032750400420045065000320049265000220052465000330054665000220057983000240060191000340062504900090065995201130066899900170078100001486820250424134022.0760921s1975 ag b 001 0 spa  aDO-SdBNPbspacDLCdBNPHU a306bS275m1 aSazbón, José,d(1937-2008)93368310aMito e historia en la antropología estructural /cJosé Sazbón. aBuenos Aires, Argentina :bEdiciones Nueva Visión,c1975. a94 p. ;c20 cm.1 aFichasv510 aEl pensamiento mítico -- Sartre y la razón estructuralista -- El nuevo humanismo de la antropología estructural. aIncluye referencias bibliográficas. 4aAntropología social92424 4aEtnología92825 4aAntropología urbana933684 0a Humanismo933685 0aFichas ;v51933686 aCatalogación por copia / LC aBNGR 001050718MOaGRbGRcCTd2010-01-26iLF1l0o306 S275mp14868-10r2020-06-25w2020-06-25y1ZNo se presta c14448d14448